| 000 | 00506nam a22001937a 4500 | ||
|---|---|---|---|
| 003 | PILC | ||
| 005 | 20160128115420.0 | ||
| 008 | 121114t xxu||||| |||| 00| 0 eng d | ||
| 020 | _a0373024053 | ||
| 050 |
_aPR 6069 _b.St911 1980 |
||
| 082 |
_aFIC _bSt8l 1980 |
||
| 100 |
_aStratton, Rebecca _918208 |
||
| 245 |
_aThe leo man _cRebecca Stratton |
||
| 260 |
_aAustralia : _bHarlequin Books, _c1980. |
||
| 300 |
_a187 p. ; _c20 cm. |
||
| 650 |
_aLove Stories. _917952 |
||
| 942 |
_2lcc _cBK |
||
| 999 |
_c10920 _d10920 |
||